League Systems at the 2022 FIFA World Cup - Statistics

General Stats
  • This quiz has been taken 1,454 times
  • The average score is 33 of 42
Answer Stats
# of Players Answer % Correct
164 England
99%
57 France
98%
86 Spain
98%
80 Germany
97%
6 Argentina
96%
7 Brazil
96%
68 Italy
95%
19 Portugal
94%
19 Netherlands
93%
36 USA
93%
10 Japan
91%
25 Belgium
90%
23 Mexico
90%
35 Saudi Arabia
90%
8 Australia
87%
2 Russia
87%
4 Poland
86%
14 South Korea
86%
33 Qatar
85%
8 Denmark
83%
3 Morocco
82%
9 Switzerland
82%
7 Croatia
80%
4 Austria
78%
2 China
78%
12 Scotland
78%
13 Greece
76%
19 Turkey
76%
1 Colombia
75%
2 Egypt
75%
3 Uruguay
75%
9 Iran
73%
3 Serbia
73%
4 Ecuador
66%
2 Ghana
63%
8 Tunisia
61%
2 Cameroon
59%
1 Hungary
59%
17 Costa Rica
55%
1 UAE
51%
2 Kuwait
24%
2 Cyprus
20%
No matching quizzes found
Score Distribution
Percent of People with Each Score
Percentile by Number Answered
Your Score History
You have not taken this quiz